000 00887nam a2200277 i 4500
003 EG-GICUC
005 20260121142947.0
008 260121s1934 fr ||||fr ||| 00| 0 fre d
040 _aEG-GICUC
_cEG-GICUC
_dEG-GICUC
_erda
_bfre
041 0 _afre
082 0 4 _221
_a341.8
_bCH . C
092 0 4 _221
099 _aLaw1 12 341.8 CH . C 1934
100 1 _aCheron,Lucien
_eAuteur
245 1 2 _aLes Causes De Divorce Et De Séparation De Corps En Droit International Privé Comparé /
_cLucien Cheron .
264 0 _aParis :
_bLibrairie Dalloz ,
_c1934 .
300 _a387 Pages;
_c30 cm.
336 _atext
_2rda content
337 _aComputer
_2rda media
338 _aOnline Resource
_2rda carrier
546 _aTexte en français
650 0 4 _aDroit international privé
856 _uhttps://fll.law.cu.edu.eg/fulltext/th/B12-02033.pdf
905 _a59
942 _2ddc
_cBK
_e21
_n0
999 _c58458
_d58458